000
00300nam a22001337a 4500
008
170208b xxu||||| |||| 00| 0 eng d
020
_a
9780323057578
041
_a
eng
080
_2
8ED
_a
61
100
_a
4
101
_a
SHM
245
_a
VIRTUAL CLINICAL EXCURSIONS
_c
DAVID WILSON
942
_2
udc
_c
BK
999
_c
4952
_d
4952